APEC Schools

General mathematics (Record no. 6791)

000 -LEADER
fixed length control field nam a22 7a 4500
005 - DATE AND TIME OF LATEST TRANSACTION
control field 20190111025457.0
008 - FIXED-LENGTH DATA ELEMENTS--GENERAL INFORMATION
fixed length control field 190111b xxu||||| |||| 00| 0 eng d
020 ## - IDENTIFIER FOR THE MANIFESTATION
Identifier for the Manifestation 9789712378188
Binding paperback
040 ## - CATALOGING SOURCE
Language of Cataloging eng
Transcribing Agency APEC Schools Library
Description Conventions rda
082 ## - DEWEY DECIMAL CLASSIFICATION NUMBER
Classification number F 510
Author's Number Or65 2016
100 ## - CREATOR
Preferred Name of the Person Oronce, Orlando A.
245 ## - TITLE AND STATEMENT OF RESPONSIBILITY
Preferred Title Proper General mathematics
Statement of Responsibility/Parallel Statement of Responsibility Orlando A. Oronce
250 ## - EDITION STATEMENT
Designation of Edition/Designation of a Named Revision of an Edition First edition
264 ## - PUBLICATION STATEMENT
Place of publication, distribution, etc Manila
Publisher's Name/Parallel Publisher's Name Rex Book Store
300 ## - PHYSICAL DESCRIPTION
Extent viii, 342 pages :
Illustrative Content illustrations ;
Dimensions 22 cm
336 ## - RDA CONTENT
Source rdacontent
Content Type text
337 ## - RDA MEDIA
Source rdamedia
Media Type unmediated
338 ## - RDA CARRIER
Source rdacarrier
Carrier Type volume
504 ## - BIBLIOGRAPHY, ETC. NOTE
Bibliography, etc includes bibliographic references and index
650 ## - ADDED SUBJECT ACCESS POINT - TOPICAL TERM
Topical Term General mathematics
942 ## - ADDED ENTRY ELEMENTS (KOHA)
Source of Classification
Koha Item Type Books

No items available.

Powered by Koha